les 5 pays les plus peuplée en 30 seconde - Statistiques

Statistiques générales
  • Ce quiz a été pris 98 fois
  • Le résultat moyen est 4 sur 5
Statistiques - réponses
Hint Réponse % Correct
1 425,7 millions Chine
100%
1 428,6 millions Inde
98%
337,0 millions Etats-Unis
92%
231,4 millions Pakistan
68%
273,8 millions Indonésie
61%
Aucun quiz correspondant
Distribution des résultats
% des personnes avec chaque résultat
Percentile par nombre de réponses
Votre historique - résultats
Vous n’avez pas pris ce quiz